Chceme začať stavať?

Proces projektovania, prípravy a realizácie stavby. Stavebník v stavebnom procese. Stavanie rodinného domu. Územné, stavebné a kolaudačné konanie pre podnikateľskú stavbu. Predlohy podaní. Pokuty právnickým a fyzickým osobám. Priestupkové konanie. Správne delikty. Súvisiace pojmy: Územný plán obce,...

Descrizione completa

Salvato in:
Dettagli Bibliografici
Autore principale: Lašš, Miroslav
Natura: Capitolo di libro
Lingua:slovacco
Soggetti:
Tags: Aggiungi Tag
Nessun Tag, puoi essere il primo ad aggiungerne!!

MARC

LEADER 00000naa a2200000 4500
001 r044656
005 20230919093600.2
041 0 |a slo 
044 |a SK 
245 1 0 |a Chceme začať stavať?  |c Miroslav Lašš 
520 |a Proces projektovania, prípravy a realizácie stavby. Stavebník v stavebnom procese. Stavanie rodinného domu. Územné, stavebné a kolaudačné konanie pre podnikateľskú stavbu. Predlohy podaní. Pokuty právnickým a fyzickým osobám. Priestupkové konanie. Správne delikty. Súvisiace pojmy: Územný plán obce, vlastníctvo pozemku, rodinný dom, steny, stropy, schodištia, spoluvlastníctvo a i. 
610 2 0 |a stavby 
610 2 0 |a stavby nové 
610 2 0 |a príprava stavieb 
610 2 0 |a pozemky 
610 2 0 |a kataster nehnuteľností 
610 2 0 |a kolaudácia 
610 2 0 |a príprava projektová 
610 2 0 |a objekty stavebné 
100 1 |a Lašš, Miroslav